000 00896nam a2200241Ia 4500
003 OSt
005 20250908143519.0
008 008 250107s9999 xx 000 0 hin d
020 _a91-120-2404430-35
037 _aTB
040 _aCRL
_bhin
_cCRL
041 _ahin
_2hin
084 _aO152,1I80,1:g(S:55) R2
084 _qCRL
100 _aनामदेव, रीता, ले.
_9820296
245 0 _aपद्मावत और रामचरितमानस में चित्रित प्रेम
_cनामदेव, रीता, ले.
260 _aझॉंसी, भारत
_bरेडविक बुक
_c2992
300 _a261पृ0
365 _aINR
_b400
650 _aहिन्दी कविताहिन्दी साहित्य
_9729733
942 _cTB
_hO152,1I80,1:g(S:55) R2
_2CC
_n0
999 _c1235380
_d1235380